00734nam a22002177a 450000500170000000800410001702000190005804000070007704100120008408200200009610000370011624501390015326000390029230000330033136500380036444000280040265000240043065000190045470000270047370000160050020230307115406.0230306b ||||| |||| 00| 0 eng d a 9789351483977 cAL aEnglish 223a275.4bPANC aKuruvilla Pandikattu and others aCommitted to the Church and the Country: Exploring the Theological Contribution of Prof Dr Kurien Kunnumpuram SJ on Caring and Sharing aPunebJnana Deepa Vidyapeethc2019 axx,448 p.bPBc23.5x15.7 cm. a02302c₹d₹750.00f01-12-2022 aJDV Philosophy Series-9 aTheology Doctrinal aChristian life aPANDIKATTU (Kuruvilla) aMATHEW (PT)